MARC details
| 000 -LEADER |
| campo de control de longitud fija |
01620nam a22003257a 4500 |
| 003 - IDENTIFICADOR DE NÚMERO DE CONTROL |
| campo de control |
OSt |
| 005 - FECHA Y HORA DE LA ÚLTIMA TRANSACCIÓN |
| campo de control |
20230706094536.0 |
| 008 - DATOS DE LONGITUD FIJA--INFORMACIÓN GENERAL |
| campo de control de longitud fija |
170318s2016 gt||||| |||| 00| 0 spa d |
| 040 ## - FUENTE DE CATALOGACIÓN |
| Centro/agencia transcriptor |
Lado V |
| 082 04 - NÚMERO DE LA CLASIFICACIÓN DECIMAL DEWEY |
| Número de clasificación |
306.4 |
| Número de ítem |
R786c |
| 100 ## - ENTRADA PRINCIPAL--NOMBRE DE PERSONA |
| 9 (RLIN) |
866 |
| Nombre de persona |
Roque Baldovinos, Ricardo |
| Término indicativo de función/relación |
directora |
| 245 10 - MENCIÓN DEL TÍTULO |
| Título |
Cultura/ |
| Resto del título |
Revista del consejo nacional para la cultura y el arte/ |
| 260 ## - PUBLICACIÓN, DISTRIBUCIÓN, ETC. |
| Nombre del editor, distribuidor, etc. |
Consejo Nacional de Cultura |
| Fecha de publicación, distribución, etc. |
1999 |
| Lugar de publicación, distribución, etc. |
Costa Rica |
| 300 ## - DESCRIPCIÓN FÍSICA |
| Extensión |
198p. |
| Dimensiones |
24x18cm |
| 490 ## - MENCIÓN DE SERIE |
| Mención de serie |
84 |
| Designación de volumen o secuencia |
1999 |
| 505 ## - NOTA DE CONTENIDO CON FORMATO |
| Nota de contenido con formato |
Editorial |
| 505 ## - NOTA DE CONTENIDO CON FORMATO |
| Nota de contenido con formato |
ENSAYOS |
| Título |
De como el personaje fue maestro y el autor su aprendiz<br/><br/>La historia cifrada<br/><br/>El drama del purgatorio plasmado en una pintura colonial<br/><br/>Las ideas filosóficas en El Salvador <br/><br/>La religión del arte<br/><br/>Carlos Martínez Rivas y la soledad de las ciudades |
| 505 ## - NOTA DE CONTENIDO CON FORMATO |
| Nota de contenido con formato |
ENTREVISTA |
| Título |
Alvaro Mendez Leal |
| 505 ## - NOTA DE CONTENIDO CON FORMATO |
| Nota de contenido con formato |
POESÍA |
| Título |
COMARCAS |
| 505 ## - NOTA DE CONTENIDO CON FORMATO |
| Nota de contenido con formato |
ESPECIAL |
| Título |
Nueva cuentistica salvadoreña<br/><br/>Una pequeña libreta de apuntes<br/><br/>Cementerio de carrosMujeres en el rincón<br/><br/>Razor<br/><br/>Correspondencia de abril<br/><br/>Vaca |
| 505 ## - NOTA DE CONTENIDO CON FORMATO |
| Nota de contenido con formato |
COMENTARIOS |
| Título |
Retorno a los clásicos <br/><br/>En el centenario de Xavier Zubiri<br/><br/>Saramago<br/><br/>Reinventando el 68 francés<br/><br/>Los cuentos Sucios |
| 505 ## - NOTA DE CONTENIDO CON FORMATO |
| Nota de contenido con formato |
TINTA FRESCA |
| 650 ## - PUNTO DE ACCESO ADICIONAL DE MATERIA--TÉRMINO DE MATERIA |
| Fuente del encabezamiento o término |
Tesauro de Arte & Arquitectura |
| Término de materia o nombre geográfico como elemento de entrada |
CULTURA |
| 650 ## - PUNTO DE ACCESO ADICIONAL DE MATERIA--TÉRMINO DE MATERIA |
| Fuente del encabezamiento o término |
Tesauro de Arte & Arquitectura |
| Término de materia o nombre geográfico como elemento de entrada |
ENSAYOS |
| 650 ## - PUNTO DE ACCESO ADICIONAL DE MATERIA--TÉRMINO DE MATERIA |
| Fuente del encabezamiento o término |
Tesauro de Arte & Arquitectura |
| Término de materia o nombre geográfico como elemento de entrada |
ENTREVISTA |
| 650 ## - PUNTO DE ACCESO ADICIONAL DE MATERIA--TÉRMINO DE MATERIA |
| Fuente del encabezamiento o término |
Tesauro de Arte & Arquitectura |
| Término de materia o nombre geográfico como elemento de entrada |
POESIA |
| 650 ## - PUNTO DE ACCESO ADICIONAL DE MATERIA--TÉRMINO DE MATERIA |
| Fuente del encabezamiento o término |
Tesauro de Arte & Arquitectura |
| Término de materia o nombre geográfico como elemento de entrada |
CRITICA |
| 700 1# - ENTRADA AGREGADA--NOMBRE PERSONAL |
| Nombre de persona |
Svankmajer. |
| Término indicativo de función/relación |
ilustrador. |
| 9 (RLIN) |
5749 |
| 942 ## - ELEMENTOS DE ENTRADA SECUNDARIOS (KOHA) |
| Fuente del sistema de clasificación o colocación |
Clasificación Decimal Dewey |
| Tipo de ítem Koha |
Libros |
| Parte de la signatura que corresponde a la clasificación (Parte de la clasificación) |
306.4 |
| Parte de la signatura que identifica el ejemplar (Parte del ítem) |
R786c |
| Suprimir en OPAC |
No |